00491 2200181 4500001002100000005001500021035002000036245005700056100001600113250000600129300003700135260004400172082001100216084001700227020001800244650003000262990001700292INLIS00000000000075920190226113131 a0010-02190000701 aPemeliharaan Ikan Di Kolam Pekarangan /cIr. Gusrina0 aIr. Gusrina a- aviii, 40 hlm. :bilus. ;c21 cm. aJakarta :bPT Musi Perkasa Utama,c2005 a639.31 a639.31 GUS p a979-651-138-X aPeternakan Ikan Air Tawar a02792/H/2018